MARC

LEADER 00000nam0a2200000 4500
001 283565
005 20231101235617.0
035 |a (RuTPU)RU\TPU\book\307685 
090 |a 283565 
100 |a 20150209d1974 km y0rusy50 ca 
101 0 |a rus 
102 |a RU 
105 |a a z 001zy 
200 1 |a Плазменные умножители частоты  |f А. А. Брандт, Ю. В. Тихомиров 
210 |a Москва  |c Наука  |d 1974 
215 |a 208 с.  |c ил. 
320 |a Библиогр.: с. 202-207 
606 1 |a Умножители частоты плазменные  |2 stltpush  |3 (RuTPU)RU\TPU\subj\63034  |9 80084 
610 1 |a экспериментальные исследования 
610 1 |a эксплуатация 
610 1 |a теоретический анализ 
610 1 |a варакторы 
610 1 |a параметры 
610 1 |a расчет 
610 1 |a вольтамперные характеристики 
610 1 |a постоянное напряжение 
610 1 |a переходные процессы 
610 1 |a конструктивные особенности 
675 |a 621.374.4  |v 4 
700 1 |a Брандт  |b А. А.  |g Александр Александрович 
701 1 |a Тихомиров  |b Ю. В.  |g Юрий Валентинович 
801 1 |a RU  |b 63413507  |c 20150209 
801 2 |a RU  |b 63413507  |c 20170622  |g RCR 
942 |c BK